Öngondoskodási lehetőségek a Budapest Banknál

Bibliographic Details
Main Author: Kristóf Melinda
Other Authors: Hamar dr. Farkas
Format: Thesis
Kulcsszavak:nyugdíjrendszer
öngondoskodás
bank
megtakarítási_lehetőségek
biztosítások
Online Access:http://dolgozattar.uni-bge.hu/1852

MARC

LEADER 00000nta a2200000 i 4500
001 dolg1852
005 20150901111950.0
008 150422suuuu hu om 000 hun d
040 |a BGE Dolgozattár Repozitórium  |b hun 
041 |a hu 
100 1 |a Kristóf Melinda 
245 1 0 |a Öngondoskodási lehetőségek a Budapest Banknál  |c Kristóf Melinda  |h [elektronikus dokumentum] 
695 |a nyugdíjrendszer 
695 |a öngondoskodás 
695 |a bank 
695 |a megtakarítási_lehetőségek 
695 |a biztosítások 
700 1 |a Hamar dr. Farkas  |e ths 
856 4 0 |u http://dolgozattar.uni-bge.hu/1852/1/Krist%C3%B3f_Melinda_Diplomadolgozat.pdf  |z Dokumentum-elérés